[Event "IECC O email"]
[Site "IECC email"]
[Date "2000.05.21"]
[Round "?"]
[White "Che Hassan, Nurul Atiqah"]
[Black "Neville, Johnathan"]
[Result "1-0"]
[WhiteElo "1172"]
[BlackElo "1200"]
[PlyCount "99"]
[EventDate "2000.??.??"]
[EventType "tourn (corr)"]
[EventRounds "6"]
[SourceTitle "Corr 2008"]
[Source "ChessBase"]
[SourceDate "2008.06.24"]
[SourceVersion "1"]
[SourceVersionDate "2008.06.24"]
[SourceQuality "1"]

1. e4 e5 2. Nf3 Nc6 3. c3 Nf6 4. d3 d5 5. exd5 Nxd5 6. Be2 Nf4 7. Nxe5 Qg5 8. Bxf4 Qxf4 9. Nxc6 bxc6 10. 0-0 Bc5 11. d4 Bd6 12. g3 Qe4 13. Re1 0-0 14. Bf3 Qf5 15. Bxc6 Rb8 16. b3 Rb6 17. Be4 Qh3 18. Nd2 Rb8 19. Qf3 f5 20. Bd5+ Kh8 21. Nc4 Be7 22. Rxe7 Ba6 23. Rae1 g5 24. Rf7 f4 25. Ree7 Rxf7 26. Rxf7 c6 27. Be4 Bxc4 28. bxc4 Kg8 29. Rxh7 Qe6 30. Qh5 Qf6 31. Rxa7 f3 32. Qh7+ Kf8 33. Qf5 Qxf5 34. Bxf5 c5 35. g4 cxd4 36. cxd4 Rb4 37. c5 Rxd4 38. h3 Rc4 39. Rc7 Ke8 40. Be6 Kd8 41. Bxc4 Kxc7 42. Bd5 Kb8 43. Kh2 Ka7 44. Bxf3 Ka6 45. Be2+ Ka5 46. Kg3 Kb4 47. c6 Ka3 48. c7 Kxa2 49. c8Q Kb2 50. Bd3 1-0

[Event "USA-ch09 prel 01 corr"]
[Site "USA"]
[Date "1990.??.??"]
[Round "?"]
[White "Campbell, J Franklin"]
[Black "Neville, Johnathan"]
[Result "1/2-1/2"]
[WhiteElo "2095"]
[BlackElo "2145"]
[PlyCount "49"]
[EventDate "1988.??.??"]
[EventType "tourn (corr)"]
[EventRounds "14"]
[EventCountry "USA"]
[SourceTitle "Corr 2000"]
[Source "ChessBase"]
[SourceDate "2000.04.19"]
[SourceVersion "1"]
[SourceVersionDate "2000.04.19"]
[SourceQuality "1"]

1. d4 Nf6 2. Bg5 Ne4 3. Bf4 c5 4. f3 Qa5+ 5. c3 Nf6 6. d5 e6 7. e4 exd5 8. exd5 d6 9. Na3 Be7 10. Bd3 0-0 11. Ne2 Re8 12. 0-0 Bf8 13. Ng3 Qc7 14. Qd2 Nbd7 15. Nb5 Qb6 16. c4 Ne5 17. b3 Nxd3 18. Qxd3 g6 19. Ne4 Nxe4 20. fxe4 Bd7 21. Nc3 Bg7 22. Rae1 a6 23. Qg3 Be5 24. Bxe5 dxe5 25. Re3 1/2-1/2